书目信息 |
| 题名: |
小型生活排水处理成套设备选用与安装 19S707
|
|
| 作者: | ;中国建筑标准设计研究院组织 编制 | |
| 分册: | ||
| 出版信息: | 北京 中国计划出版社 2019.10 |
|
| 页数: | 126页 | |
| 开本: | 26×37cm | |
| 丛书名: | 国家建筑标准设计图集 | |
| 单 册: | ||
| 中图分类: | TU823-64 | |
| 科图分类: | ||
| 主题词: | 房屋建筑设备:卫生设备 | |
| 电子资源: | ||
| ISBN: | 978-7-5182-1103-6 | |
| 000 | 00895nam0 2200217 450 | |
| 001 | 2162814878 | |
| 005 | 20210519094409.61 | |
| 010 | @a978-7-5182-1103-6@dCNY119.00 | |
| 100 | @a20210518d2019 km y0chiy0120 ea | |
| 101 | 0 | @achi |
| 102 | @aCN@b110000 | |
| 200 | 1 | @a小型生活排水处理成套设备选用与安装 19S707@AXiao Xing Sheng Huo Pai Shui Chu Li Cheng Tao She Bei Xuan Yong Yu An Zhuang 19S707@f中国建筑标准设计研究院组织编制@FZhong Guo Jian Zhu Biao Zhun She Ji Yan Jiu Yuan Zu Zhi Bian Zhi |
| 210 | @a北京@c中国计划出版社@d2019.10 | |
| 215 | @a126页@d26×37cm | |
| 225 | 2 | @a国家建筑标准设计图集 |
| 410 | 0 | @12001 @a国家建筑标准设计图集 |
| 606 | 0 | @a房屋建筑设备:卫生设备 |
| 690 | @aTU823-64@v4 | |
| 711 | 02 | @a中国建筑标准设计研究院组织@AZhong Guo Jian Zhu Biao Zhun She Ji Yan Jiu Yuan Zu Zhi@4编制 |
| 801 | 0 | @aCN@b大连网信软件有限公司图书馆·11@c20210519 |
| 905 | @aZUCC@dTU823-64@eZ567 | |
| 小型生活排水处理成套设备选用与安装 19S707/中国建筑标准设计研究院组织编制.-北京:中国计划出版社,2019.10 |
| 126页;26×37cm.-(国家建筑标准设计图集) |
| ISBN 978-7-5182-1103-6:CNY119.00 |
| ● |
| 相关链接 |
|
|
|
正题名:小型生活排水处理成套设备选用与安装 19S70
索取号:TU823-64/Z567
 
预约/预借
| 序号 | 登录号 | 条形码 | 馆藏地/架位号 | 状态 | 备注 |
| 1 | 1502750 | 215027502 | 市政与环境工程学院资料室/ [索取号:TU823-64/Z567] | 在馆 | |
| 2 | 1502751 | 215027511 | 市政与环境工程学院资料室/ [索取号:TU823-64/Z567] | 在馆 |